| 000 | 02954 a2200457 4500 | ||
|---|---|---|---|
| 001 | 24916 | ||
| 005 | 20260407155531.0 | ||
| 008 | 260407a2013 arg spa d | ||
| 003 | AR-UNSa-BCEJYS | ||
| 040 |
_aAR-UNSa-BCEJYS _bspa _cAR-UNSa-BCEJYS |
||
| 080 |
_a35 _xAdministración Pública |
||
| 245 | 1 | 0 |
_aEstado y administración pública _pperspectivas para el estudio de políticas e instrumentos de gestión pública |
| 020 | _a978-987-01-1500-7 | ||
| 264 | 1 |
_aBuenos Aires : _bErrepar _c2013 |
|
| 300 |
_axxxix, 487 p. _c27 cm. |
||
| 505 | _a1. Continuidades, rupturas y conjeturas sobre Estado, sociedad y administración pública en América Latina. ¿Hacia la construcción de un nuevo proceso latinoamericano de desarrollo y reconstrucción de la comunidad? - 2. Gobernabilidad democrática y políticas públicas. Una introducción conceptual - 3. Problemas públicas y políticas públicas. Un enfoque integral para la toma de decisiones de intervención en contexto - 4. El desarrollo socioeconómico en la formación y evolución del Estado Argentino - 5. La reforma del Estado y de la administración pública. Una revisión sobre políticas, instrumentos y enfoques - 6. Teoría y sociología de las organizaciones públicas - 7. Los modelos de gestión pública - 8. Cultura organizacional en la administración pública. El impacto del big bang paradigmático - 9. Planificación estratégica participativa. Principales conceptos y metodologías aplicables en la formulación de políticas públicas y la planificación sectorial - 10. Planeamiento estratégico de organizaciones públicas - 11. La gestión presupuestaria y su relación con los objetivos de las políticas públicas y con la programación técnica - 12. Administración financiera - 13. El financiamiento del Estado - 14. La gestión de los recursos humanos en las organizaciones públicas. Gestión de personas por competencias - 15. Desarrollo de procesos y gestión de la calidad en la administración pública - 16. TIC y gobierno | ||
| 942 | _cBK | ||
| 590 | _aniveau_biblio:m niveau_hierar:0 | ||
| 100 | 1 | _aKrieger, Mario José | |
| 700 | 1 | _aAzcorra, Adriana | |
| 700 | 1 | _aBlanco, Pablo | |
| 700 | 1 | _aBlutman, Gustavo | |
| 700 | 1 | _aBonifacio, José Alberto | |
| 700 | 1 | _aDellasanta, Alicia | |
| 700 | 1 | _aFantoni, Mariano E. | |
| 700 | 1 | _aFelcman, Isidoro Luis | |
| 700 | 1 | _aFuertes, Ana Isabel | |
| 700 | 1 | _aGómez, Florencia | |
| 700 | 1 | _aGoyburu, Lara | |
| 700 | 1 | _aGreco, Mariano | |
| 700 | 1 | _aGuardo, Enrique | |
| 700 | 1 | _aHerrera, Juan Carlos | |
| 700 | 1 | _aMódolo, Cristian | |
| 700 | 1 | _aOtero, Alejandro A. | |
| 700 | 1 | _aPandolfi, Lionel | |
| 700 | 1 | _aSchmukler, Ricardo | |
| 700 | 1 | _aSchweinheim, Guillermo F. F. | |
| 700 | 1 | _aVelázquez, Rocío | |
| 700 | 1 | _aWaisbrod, Laura | |
| 856 | 4 | 1 |
_uhttps://biblioeco.unsa.edu.ar/pmb/images/libros/Estado y Administraci?n P?blica (2013).jpg _yImagen de portada _qimage/jpeg |
| 999 |
_c1240 _d1240 |
||